000
00187 a2200097 4500
001
4910
100
_a
Calder,R
245
_a
Medicine & Man
260
_a
_b
allen
_c
090
_c
4099
_d
4099
942
_a
NUST-CAE
_c
M
_c
30377
999
_c
239983
_d
239983